Statistics for Maldives Country Quiz

Click here to take the quiz!

General Stats

  • This quiz has been taken 7,848 times
    (7,801 since last reset)
  • The average score is 10 of 13

Answer Stats

HintAnswer% Correct
Body of water in which the Maldives is locatedIndian Ocean
96%
State religionIslam
96%
Country from which the Maldives gained independence in 1965United Kingdom
94%
Type of natural disaster which devastated the Maldives in 2004Tsunami
93%
Per-capita, Maldives eats more of this type of animal than any
other country except Iceland
Fish
88%
Capital cityMalé
83%
Dominant religion before that, from the 3rd century B.C. until the 1200sBuddhism
81%
Maldives has the lowest average ______ of any countryElevation
78%
Because of the above, the Maldives are often considered to be the country that
is most-threatened by this phenomenon
Global Warming
77%
Industry that accounts for 60% of foreign-exchange receiptsTourism
75%
Maldives is composed of 26 of this type of island, a coral reef surrounding a lagoonAtoll
73%
In ancient times, the Maldives provided a large number of these, which were
used as currency in parts of the world
Cowry {shells}
55%
Official languageDhivehi
53%

Score Distribution

Percentile by Number Answered

Percent of People with Each Score

Your Score History

You have not taken this quiz since the last reset